| 000 | 01317nam a2200301 a 4500 | ||
|---|---|---|---|
| 001 | ebr10318684 | ||
| 003 | CaPaEBR | ||
| 006 | m u | ||
| 007 | cr cn||||||||| | ||
| 008 | 091012s2007 ii a s 000 0 eng d | ||
| 020 | _z9788122421002 | ||
| 020 | _z9788122425512 | ||
| 040 |
_aCaPaEBR _cCaPaEBR |
||
| 035 | _a(OCoLC)317564544 | ||
| 050 | 1 | 4 |
_aTJ159 _b.S56 2007eb |
| 100 | 1 |
_aSingh, U. K. _q(Udaya Kumar) |
|
| 245 | 1 | 0 |
_aProblems and solutions in mechanical engineering _h[electronic resource] / _cU.K. Singh , Manish Dwivedi. |
| 260 |
_aNew Delhi : _bNew Age International (P) Ltd., Publishers, _cc2007. |
||
| 300 |
_aix, 516 p. : _bill. |
||
| 505 | 0 | _apt. A. Thermodynamics (40 marks) -- pt. B. Engineering mechanics (40 marks) -- pt. C. Strength of materials (20 marks). | |
| 533 |
_aElectronic reproduction. _bPalo Alto, Calif. : _cebrary, _d2013. _nAvailable via World Wide Web. _nAccess may be limited to ebrary affiliated libraries. |
||
| 650 | 0 |
_aMechanical engineering _vProblems, exercises, etc. |
|
| 650 | 0 |
_aThermodynamics _vProblems, exercises, etc. |
|
| 655 | 7 |
_aElectronic books. _2local |
|
| 700 | 1 | _aDwivedi, Manisha. | |
| 710 | 2 | _aebrary, Inc. | |
| 856 | 4 | 0 |
_uhttp://site.ebrary.com/lib/rucke/Doc?id=10318684 _zAn electronic book accessible through the World Wide Web; click to view |
| 999 |
_c60157 _d60157 |
||